000 01197nam a2200313Ia 4500
003 OSt
005 20221007124927.0
006 a|||||r|||| 00| 0
007 ta
008 221006b |||||||| |||| 00| 0 eng d
020 _a9788793609686 (hbk)
024 _a200565
037 _b5403, 25/02/2019, Ashutosh Technical Books
_cTextual
040 _aCDL
_cCDL
_beng
041 _2eng
_aeng
082 _aF9A, Q8 Carc
100 _aRouxel Didier Ed.
_9721029
245 0 _aAdvanced polymeric materials synthesis and applications
_b Thomas Sabu Ed. Kalarikkal Nandakumar Ed. Abdulrahman Sajith T Ed.
260 _aDenmark
_bRiver Publishers
_c2018
300 _axxxiv, 299p. ill.
_ccm.
500 _aInclude references; Index 295-296p.
650 _a Bisbenzoxazine bismaleimide blends
_9721030
650 _aChemistry
700 _a Abdulrahman Sajith T Ed.
_9721031
700 _a Kalarikkal Nandakumar Ed.
_9721032
700 _a Thomas Sabu Ed.
_9721033
942 _hF9A, Q8 Carc
_cTEXL
_2CC
999 _c1214391
_d1214391